|
|
|
|
| LEADER |
00000nab a2200000 a 4500 |
| 001 |
vtls000921783 |
| 003 |
SK-MaSNL |
| 005 |
20260303034515.0 |
| 008 |
040720e19981118xo 0 slo |
| 035 |
|
|
|a KE30660
|
| 040 |
|
|
|a KEVKJB
|b slo
|c KEVKJB
|e AACR2
|
| 041 |
0 |
|
|a slo
|
| 044 |
|
|
|a xo
|c SK
|
| 080 |
|
|
|a 669.1
|2 1981
|
| 100 |
1 |
|
|a Tvaroška, Vladimír
|4 aut
|9 792358
|
| 245 |
1 |
0 |
|a Koniec zázraku na úver
|b Vlajková loď VSŽ na dne
|
| 590 |
|
|
|a Rezeš, Alexander 1948-2002
|b podnikateľ, minister dopravy, spojov, prezident klubu
|
| 600 |
1 |
7 |
|a Rezeš, Alexander
|d 1948-2002
|2 KEVKJB
|9 96272
|
| 610 |
2 |
7 |
|a Východoslovenské železiarne Holding (Košice, Slovensko)
|2 KEVKJB
|9 29927
|
| 650 |
0 |
7 |
|a problémy
|2 KEVKJB
|9 354460
|
| 650 |
0 |
7 |
|a tunelovanie fabriky
|2 KEVKJB
|9 1019938
|
| 650 |
0 |
7 |
|a reportáže
|2 KEVKJB
|9 75670
|
| 651 |
|
7 |
|a Košice (Slovensko)
|2 KEVKJB
|9 18694
|
| 651 |
|
7 |
|a KE,
|2 KEVKJB
|9 877256
|
| 655 |
|
7 |
|a periodikum
|2 snkbucl
|9 29553
|
| 710 |
2 |
|
|a Východoslovenské železiarne Holding (Košice, Slovensko)
|4 aut
|9 29927
|
| 773 |
0 |
8 |
|t Pravda
|g Roč. 8, č.267, 18.11.1998, s. 5
|
| 852 |
|
|
|a ZVYKNI
|b KIS3GCP
|
| 999 |
|
|
|c 1673843
|d 1675773
|